|
|
|
|
| LEADER |
00000nam a2200000 i 4500 |
| 001 |
1/20753 |
| 008 |
930930s1976 gre d |
| 035 |
|
|
|a 1989
|b 1
|c Δωρεά
|l 10036115
|
| 040 |
|
|
|a GR-MY-UA
|b gre
|e aacr
|
| 041 |
0 |
|
|a gre
|
| 082 |
0 |
|
|a 510.71
|2 (22)
|
| 100 |
1 |
|
|a Μέγας, Παναγιώτης Γ.
|
| 245 |
1 |
0 |
|a Μαθηματικά :
|b σύγχρονα και θεμελιώδη : αριθμητική και στοιχεία άλγεβρας /
|c Παναγιώτου Γ. Μέγα
|
| 250 |
|
|
|a 3η έκδ.
|
| 260 |
|
|
|a Αθήναι :
|b [χ.ό.],
|c 1976
|
| 300 |
|
|
|a 479 σ.;
|c 24 εκ.
|
| 500 |
|
|
|a "Διά τους σπουδαστάς των Παιδαγωγικών Ακαδημιών και διά τους διδάσκοντας εις την πρώτην γυμνασιακήν βαθμίδα"
|
| 650 |
0 |
0 |
|a Mathematics
|x Study and teaching (Higher)
|z Greece.
|
| 650 |
0 |
0 |
|a Arithmetic
|x Study and teaching.
|
| 650 |
0 |
0 |
|a Algebra
|x Study and teaching (Higher)
|z Greece.
|
| 852 |
|
|
|a INST
|b RHODES
|e 19930930
|h 510 ΜΕΓ
|p N10011770
|q N10011770
|t BK
|y 12
|
| 852 |
|
|
|a INST
|b RHODES
|c AKA
|e 20080613
|h 510.71 ΜΕΓ
|p 005400027939
|q 005400027939
|t BK
|y 0
|
| 852 |
|
|
|a INST
|b RHODES
|c AKA
|e 20081023
|h 510.71 ΜΕΓ
|p 005400031224
|q 005400031224
|t BK
|y 0
|
| 901 |
|
|
|a BIBL4-2008-2
|
| 909 |
|
|
|a Ρ
|b 012453
|c 1989
|
| 909 |
|
|
|a Ρ
|b 150560
|
| 909 |
|
|
|a Ρ
|b 153477
|
| 920 |
|
|
|a ΑΚΑΔΗΜΙΑ ΡΟΔΟΥ
|y ΡΟΔΟΣ
|z 2004-06
|